000 00806nab a2200241u 4500
001 09295
003 HDC
007 c| |||a|c|aaaa
008 210131b20141201my ||||| |||| 00| 0 may d
040 _aHDC
100 _aNur Hanani Azman /
_eauthor
_97735
245 0 _aFrancais perlu terokai AEC /
_cNur Hanani Azman
336 _atext
_2rdacontent
337 _acomputer
_2rdamedia
338 _aonline resource
_2rdacarrier
650 _aMalaysia Franchise Association (MFA)
_99633
650 _aPerbadanan Nasional Berhad (PNS)
_99632
710 _aUtusan Malaysia
856 _zRequest full-text at [email protected]
942 _2lcc
942 _cNEWS
942 _kNWSC 001580
999 _c6618
_d6618